| 000 | 00768cab a22002055a 4500 | ||
|---|---|---|---|
| 001 | L154541 | ||
| 008 | 111220e20111020xxk 000 0 eng d | ||
| 035 | _a(Sirsi) u154541 | ||
| 041 | 0 | _aeng | |
| 100 | 1 | _aStothart, Chloe | |
| 245 | 0 | 0 |
_aInside knowledge _bwinning work _bprisons |
| 260 | _c2011 | ||
| 490 |
_aConstruction News _v(7246) 15 December, 46-47(2) |
||
| 520 | _aLooks at the likely move to refurbishment work in prisons as the pipeline of new-build prisons dries up; Ministryof Justice, construction frameworks, top prisons projects by value, projected prison population, and new-build prison budget. | ||
| 590 | _aKA | ||
| 651 | 4 |
_aUnited Kingdom _y |
|
| 690 | _aBUILT ENVIRONMENT-CONSTRUCTION MARKET | ||
| 690 |
_aRefurbishment _96264 |
||
| 942 | _n0 | ||
| 999 |
_c83657 _d83657 |
||